Some aspects of structural reforms in EU and their impact on corporations

Význam vplyvu aktuálnej regulácie na finančné trhy a následne na podniky v európskom priestore.

Na minha lista:
Detalhes bibliográficos
Autor principal: Krištofík, Peter
Formato: Capítulo de Livro
Idioma:inglês
Assuntos:
Tags: Adicionar Tag
Sem tags, seja o primeiro a adicionar uma tag!

MARC

LEADER 00000naa a2200000 4500
001 0180404
005 20231204131129.0
041 0 |a eng 
044 |a SK 
245 1 0 |a Some aspects of structural reforms in EU and their impact on corporations  |c Peter Krištofík 
520 |a Význam vplyvu aktuálnej regulácie na finančné trhy a následne na podniky v európskom priestore. 
610 2 0 |a eurozóna 
610 2 0 |a regulácia finančná 
610 2 0 |a podnik 
610 2 0 |a reformy štruktúrne 
610 2 0 |a deriváty 
610 2 0 |a trh finančný 
610 2 0 |a Európa 
100 1 |a Krištofík, Peter